Peace that passes understanding : (Record no. 143166)

MARC details
000 -LEADER
fixed length control field 00624nam a22001817a 4500
005 - DATE AND TIME OF LATEST TRANSACTION
control field 20170808161437.0
010 ## - LCCN (DPL NO)
LC control number ENG-119021
020 ## - INTERNATIONAL STANDARD BOOK NUMBER
Terms of availability 150.00
International Standard Book Number 9788184655285
035 ## - SYSTEM CONTROL NUMBER
System control number EN-102553
037 ## - SOURCE OF ACQUISITION
Source of stock number/acquisition DBAD/PUB
082 ## - DEWEY DECIMAL CLASSIFICATION NUMBER
Classification number 280.61
100 ## - MAIN ENTRY--PERSONAL NAME
Personal name Redferan,Alastair
245 ## - TITLE STATEMENT
Title Peace that passes understanding :
Statement of responsibility, etc by Alastair Redferan
Remainder of title spiritual wholeness in a divided world /
260 ## - PUBLICATION, DISTRIBUTION, ETC. (IMPRINT)
Place of publication, distribution, etc Delhi
Name of publisher, distributor, etc The Indian Society for Promoting Christian Knowlewdge(ISPCK))
Date of publication, distribution, etc 2015
270 ## - ADDRESS
Address 1585,1654 Madarsa Road Kashmere Gate
City Delhi
Postal code 110006
300 ## - PHYSICAL DESCRIPTION
Extent x,117
Dimensions 22cm(pbk)
942 ## - ADDED ENTRY ELEMENTS (KOHA)
Source of classification or shelving scheme Dewey Decimal Classification
Item type English Books
Call number suffix RED
Classification part 280.61
Holdings
Withdrawn status Lost status Not for loan Collection code Home library Current library Date acquired Source of acquisition Cost, normal purchase price Full call number Barcode Copy number Cost, replacement price Koha item type
      Non-fiction Patel Nagar Patel Nagar 28/07/2017 DBAD/PUB 150.00 280.61 RED EN-102553 1 150.00 English Books

© Delhi Public Library
Hit Counter
free hit counter